00471nam a2200181 a 4500001001300000003000900013005001700022008004100039020000900080082001700089100002100106245006000127260002500187300000800212500003500220505001000255650002400265nice12345678IN_TiNIC20260116012314.0050524s1987 dela grp 000 0 eng  ac1500a361.763bPAT aPatel, Hutokhshi aReview of "proud"b a People`s Organisation in Dharavi. aDelhi bISPCK c1987 a55p aincludes index and biblioraphy2 aIndex aSocial-Service-ngos